Responses for Show #1419 - Thursday, November 1, 1990

Game entered from audiorecording. Missing prizes.

Contestants

[<< previous game]

Richard Denny, a railroad construction supervisor from Brooklyn, New York

Stephanie Brush, a writer from Fairfield County, Connecticut

Ray Ivey, a word processing teacher from New York, New York (whose 1-day cash winnings total $11,500)

[next game >>]

Jeopardy! Round responses

THE 20th CENTURY
BRITISH POLITICS
ATHENS
GRAMMAR
BUTTERFLIES
MEN
    $100 12
Uncle Sam

Ray
    $100 20
(Alex: With a minute to go.)

cabinet

Triple Stumper
    $100 1
the Greek Orthodox church

Richard
    $100 4
S

Ray
    $100 22
eating

Richard
    $100 2
the Tour de France

Ray
    $200 13
Skylab

Stephanie
    $200 27
[The end-of-round signal sounds.]

the Tories

Ray
    $200 3
the Acropolis

Stephanie
    $200 8
cars

Richard
    $200 23
a question mark

Richard
    $200 15
Arsenio Hall

Stephanie
    $300 14
Chattanooga

Ray
    $300 5
red

Richard
    $300 9
adverbs

Ray
    $300 24
the monarch butterfly

Ray
    $300 16
George Harrison

Richard
    $400 19
(Richard: Who are the United Coal Miners?)
(Stephanie: What is the AFL?)
...
(Alex: They were not called the United Coal Miners, they were [*]. Sorry, Richard.)

the United Mine Workers of America

StephanieRichard
Triple Stumper
    $500 6
(Alex: First modern [*].)

the Olympics

Richard
    $400 10
(Alex: Indicative, imperative & [*].)

subjunctive

Triple Stumper
    $400 25
little scales

Triple Stumper
    $400 17
(Alex: And, Ray, take note of that address, you can write [*].)

Spike Lee

Richard
    $500 21
(John) Anderson

Stephanie
    $500 7
the Agora

Stephanie
    $500 11
beside

Ray
    $500 26
(Richard: What is larva?)
...
(Alex: Just before the larva, [*].)

the egg stage

Richard
Triple Stumper
    $500 18
(Richard: Who is Volcker?)

Alan Greenspan

StephanieRichard

Scores at the first commercial break (after clue 14):

Ray Stephanie Richard
$1,400 $900 $1,100

Scores at the end of the Jeopardy! Round:

Ray Stephanie Richard
$1,900 $1,700 $700

Double Jeopardy! Round responses

SEE THE U.S.A.
STAMP COLLECTING
WOMEN AUTHORS
WORLD WAR I
SOUTH AMERICA
OPERA
    $200 10
the Ozarks

Ray
    $200 20
Victoria

Ray
    $200 23
Barbara Cartland

Stephanie
    $200 1
Kaiser Wilhelm

Richard
    $200 15
Caracas

Ray
    $200 3
sleepwalking

Stephanie
    $400 11
Idaho

Richard
    $400 21
first-day covers

Richard
    $400 24
Agatha Christie

Stephanie
    $400 2
trench

Stephanie
    $400 16
head-shrinking

Richard
    $400 4
Mimi

Ray
    $600 12
New Jersey

Richard
    $600 22
the watermark

Ray
    $600 25
the Soviet Union (Russia)

Ray
    $600 7
Serbia

Richard
    $600 17
Montevideo

Stephanie
    $600 5
(Gioachino) Rossini

Stephanie
    $800 13
Cape Hatteras

Richard
    $800 27
Scott Publications

Triple Stumper
    $800 26
(Sylvia) Plath

Richard
    $800 8
a nurse

Triple Stumper
    $800 18
Guyana

Richard
    $800 6
[Alex pronounced Richard "Rick-ard" when calling on Richard for this clue.]

Der Rosenkavalier

Richard
    $1000 14
(Ray: What are the Black Hills?)

the Badlands

Ray
Triple Stumper
    $1000 28
FDR

Richard
    $1,500 29
(Richard: Who is Pearl Buck?)
(Alex: Sorry, we study her in school. Who is [*]? [*].)

George Eliot

Richard
    $1000 9
(Henri) Pétain

Richard
    $2,000 19
(Richard: What is Chile?)

Paraguay

Richard
    $1000 30
(Alex: And if you were a guessing person or a betting person, you would say Who is [*], and you would be correct in this instance.)

Pyotr Ilyich Tchaikovsky

Triple Stumper

Scores at the end of the Double Jeopardy! Round:

Ray Stephanie Richard
$3,100 $4,100 $5,000

[wagering suggestions for these scores]

Final Jeopardy! Round responses

HISTORIC NAMES
(Alex: I have a feeling our returning champion Ray Ivey drew a blank on this one. He stared and stared at that clue for the longest time.)
...
(Alex: [to Richard] Picked the wrong name for the man, that's unfortunate.)
RayWho were ? and !
$3,099
StephanieWho were John & Priscilla Alden?
$4,000
RichardWho were John Smith & Priscilla Alden?
$4,000
John & Priscilla Alden

Final scores:

Ray Stephanie Richard
$1 $8,100 $1,000
3rd place New champion: $8,100 2nd place

Game dynamics:

Coryat scores:

Ray Stephanie Richard
$3,100 $4,100 $8,400
14 R,
1 W
12 R,
1 W
20 R
(including 1 DD),
5 W
(including 2 DDs)

Combined Coryat: $15,600

[game clues] [game scores] [suggest correction]

Game tape date: 1990-09-10
The J! Archive is created by fans, for fans. Scraping, republication, monetization, and malicious use prohibited; this site may use cookies and collect identifying information. See terms. The Jeopardy! game show and all elements thereof, including but not limited to copyright and trademark thereto, are the property of Jeopardy Productions, Inc. and are protected under law. This website is not affiliated with, sponsored by, or operated by Jeopardy Productions, Inc. Join the discussion at JBoard.tv.